|
|
|
|
| LEADER |
01227nam a2200301 a 4500 |
| 001 |
37900 |
| 003 |
BD-DhAAL |
| 005 |
20231009110032.0 |
| 008 |
220306t1985 mdua b 000 0 eng |
| 010 |
|
|
|a 82006574
|
| 020 |
|
|
|a 0801829119 (pbk.)
|
| 040 |
|
|
|a DLC
|c DLC
|d DLC
|b BD-DhAAL
|
| 050 |
0 |
0 |
|a HC79.E5
|b L43 1985
|
| 082 |
0 |
0 |
|a 333.7
|2 19
|
| 100 |
1 |
|
|a Lee, James A.,
|d 1925-
|9 46418
|
| 245 |
1 |
4 |
|a The environment, public health, and human ecology :
|b considerations for economic development /
|c James A. Lee.
|
| 260 |
|
|
|a Baltimore :
|b Published for the World Bank [by] the Johns Hopkins University Press,
|c c1985.
|
| 300 |
|
|
|a x, 288 pages :
|b illustrations ;
|c 23 cm.
|
| 504 |
|
|
|a Includes bibliographical references (pages 233-288).
|
| 541 |
|
|
|a Donated by Akbar Ali Khan
|e 37900
|
| 650 |
|
0 |
|a Environmental policy.
|9 46419
|
| 650 |
|
0 |
|a Environmental protection.
|9 46420
|
| 650 |
|
0 |
|a Human ecology.
|9 46421
|
| 710 |
2 |
|
|a World Bank.
|9 46422
|
| 852 |
|
|
|a Ayesha Abed Library
|c Akbar Ali Khan Collection
|
| 942 |
|
|
|2 ddc
|c BK
|
| 999 |
|
|
|c 43664
|d 43664
|
| 952 |
|
|
|0 0
|1 0
|2 ddc
|4 0
|6 333_700000000000000_LEE
|7 1
|9 69996
|a BRACUL
|b BRACUL
|c AAKC
|d 2022-03-06
|e Donated by Akbar Ali Khan
|l 0
|o 333.7 LEE
|p 3010037900
|r 2022-03-06
|t 1
|w 2022-03-06
|y BK
|